000
00341nam a2200145Ia 4500
003
LK-CoDNM
008
010623t xxu||||| |||| 00| 1 sin d
040
_a
LK-CoDNM
_d
LK-CoDNM
_e
LK-CoDNM
041
_a
sin
080
_a
X 32
245
_a
සංවර්ධන ලංකා
246
_a
Sanwardena Lanka
300
_b
24 cm cm
942
_c
BK
999
_c
141432
_d
141432